| 000 | 00696nam a22001217a 4500 | ||
|---|---|---|---|
| 040 | _cRUA | ||
| 100 | _aCHIN CHHAIYA,ជិន ឆៃយ៉ា | ||
| 245 | _aSTUDY ON LAND TENURE SECURITY ON TREUYSLA COMMUNE, SAANG DISTRICT, KANDAL PROVINCE,សិក្សាអំពីសុវត្ថិភាពនៃការកាន់កាប់ដីធ្លីរបស់ប្រជាពលរដ្ឋនៅឃុំត្រើយស្លា ស្រុកស្អាង ខេត្តកណ្តាល | ||
| 260 |
_aphnom penh _brua _c2019 |
||
| 300 |
_aix.38p. _bill. _c29cm. |
||
| 856 | _uhttps://drive.google.com/file/d/1F1r_AMM8-BAuD-IhR4C23qhD4oLTJv1o/view?usp=share_link | ||
| 942 | _cLMA | ||
| 999 |
_c20503 _d20503 |
||